Sports Quiz

Random Sports Quiz

Mundobasket kviz #11 - Argentina Quiz Stats

 Plays Quiz not verified by Sporcle

Score 0/5 Timer 02:00
0 Plays Today
Question Answer Wrong Answers
Sa reprezentacijom Argentine odigrali smo mnogo nezaboravnih mečeva, ali će se najviše pamtiti onaj sa Mundobasketa 2002. godine. Koji igrač sa te utakmice je i sada u sastavu? ???
92.5%
???
2.8%
???
1.2%
???
3.5%
Izaberite tačnu tvrdnju. ???
39.3%
???
7.1%
???
4.5%
???
47.8%
Skola je više obeležio meč Srbije i Argentine iz 2010. godine na SP u Turskoj kada nam je dao 32 poena, ali i to je bilo malo da nas pobede (84:82). Ko je postigao odlučujuća četiri slobodna bacanja na tom meču? ???
38.6%
???
34.4%
???
10.4%
???
16.2%
Skola je najstariji igrač u igračkom kadru Argentine, a znate li koliko godina je od njega mlađi NAREDNI najstariji košarkaš 'gaučosa'? ???
36%
???
27.1%
???
17.6%
???
17.4%
Jugoslavija je slavila posle produžetka, a imali smo mnogo sreće da sudije ne dosude faul u poslednjoj sekundi meča... Znate li koji je igrač tada bio u prodoru? ???
35.5%
???
16.7%
???
35.3%
???
12.2%

You're not logged in!

Compare scores with friends on all Sporcle quizzes.
OR
Log In

Sporcle TV

Today on Sporcle TV


Watch our educational content, quiz creation guides, and fun videos on Sporcle TV.

Show Comments

Extras

Created Sep 9, 2019ReportNominate
Tags:#11, argentina

Top Quizzes Today


Score Distribution

Your Account Isn't Verified!

In order to create a playlist on Sporcle, you need to verify the email address you used during registration. Go to your Sporcle Settings to finish the process.

Report this User

Report this user for behavior that violates our Community Guidelines.

Details: